Human Resources Management/ (Record no. 781)
[ view plain ]
| 000 -LEADER | |
|---|---|
| fixed length control field | 00691nam a22002417a 4500 |
| 001 - CONTROL NUMBER | |
| control field | 781 |
| 005 - DATE AND TIME OF LATEST TRANSACTION | |
| control field | 20260213120332.0 |
| 008 - FIXED-LENGTH DATA ELEMENTS--GENERAL INFORMATION | |
| fixed length control field | 130115b xxu||||| |||| 00| 0 eng d |
| 020 ## - INTERNATIONAL STANDARD BOOK NUMBER | |
| International Standard Book Number | 978027363401-0 |
| 040 ## - CATALOGING SOURCE | |
| Original cataloging agency | BSULIB |
| 082 ## - DEWEY DECIMAL CLASSIFICATION NUMBER | |
| Edition number | 22 |
| Classification number | 658.3 |
| Item number | GRA |
| 100 ## - MAIN ENTRY--PERSONAL NAME | |
| Personal name | Graham, H. T. |
| 9 (RLIN) | 2038 |
| 245 ## - TITLE STATEMENT | |
| Title | Human Resources Management/ |
| Statement of responsibility, etc | H T Graham, Roger Bennett. |
| 250 ## - EDITION STATEMENT | |
| Edition statement | 9th ed. |
| 260 ## - PUBLICATION, DISTRIBUTION, ETC. (IMPRINT) | |
| Place of publication, distribution, etc | Harlow: |
| Name of publisher, distributor, etc | Prentice Hall: Financial Times, |
| Date of publication, distribution, etc | 1998. |
| 300 ## - PHYSICAL DESCRIPTION | |
| Extent | ix, 435P |
| Dimensions | 23cm. |
| Other physical details | ill.; |
| 440 ## - SERIES STATEMENT/ADDED ENTRY--TITLE | |
| Title | Frameworks |
| 9 (RLIN) | 751 |
| 500 ## - GENERAL NOTE | |
| General note | Includes bibliographical references and index. |
| 650 ## - SUBJECT ADDED ENTRY--TOPICAL TERM | |
| Topical term or geographic name as entry element | Human Resource |
| 9 (RLIN) | 2039 |
| 658 ## - INDEX TERM--CURRICULUM OBJECTIVE | |
| Main curriculum objective | Management |
| 700 ## - ADDED ENTRY--PERSONAL NAME | |
| Personal name | Bennett, Roger |
| 9 (RLIN) | 26281 |
| 942 ## - ADDED ENTRY ELEMENTS (KOHA) | |
| Source of classification or shelving scheme | Dewey Decimal Classification |
| Item type | Books |
| Withdrawn status | Lost status | Source of classification or shelving scheme | Damaged status | Not for loan | Collection code | Home library | Current library | Shelving location | Date acquired | Source of acquisition | Inventory number | Total Checkouts | Full call number | Barcode | Date last seen | Copy number | Price effective from | Koha item type | Public note |
|---|---|---|---|---|---|---|---|---|---|---|---|---|---|---|---|---|---|---|---|
| Dewey Decimal Classification | Main Library | Main Library | Reserve Book Section | 15/01/2013 | Purchased | 24518 | 658.3 GRA | bsu26020305 | 15/01/2013 | 001 | 15/01/2013 | Books | Item available in hard copy |